000 01162nam a2200289 i 4500
001 91892
003 ES-MaACL
005 20230906180840.0
007 t|
008 050225s2004 sp a |||| | spa d
020 _a84-8127-149-7
080 _a94(460.222 H.)"1931/39"
080 _a019.941:94(460.22)"1936/39"
245 0 0 _aLiteratura, cine y guerra civil /
_c[Michel del Castillo ... et al.].
250 _a1ª ed.
260 _aHuesca :
_bInstituto de Estudios Altoaragoneses,
_c2004.
300 _a190 p. :
_bil. ;
_c20 cm.
594 _aIntervenciones de las sesiones homónimas celebradas entre el 11 y el 14 de noviembre de 2003 en el Centro de Estudios Senderianos.
650 4 _aLiteratura española-
_yS.XX-
_xHistoria y crítica.
_9141686
651 4 _aEspaña-
_xHistoria-
_y1936-1939, Guerra civil-
_vObras literarias.
_98311
651 _aEspaña-
_xHistoria-
_y1936-1939, Guerra civil-
_xCine y guerra.
_98301
651 4 _aAragón-
_xHistoria-
_y1936-1939.
_97790
700 1 _aCastillo, Michel del,
_d1933-
_936708
710 2 _aInstituto de Estudios Altoaragoneses.
_94888
852 _aES-MaACL
_jL-28920
999 _c91892
_d91892